000 00675nam a2200241 a 4500
003 AR-BaBNM
005 20251128202850.0
008 082120s2002 ||||||||||||||000 | spa||
040 _cAR-BaBNM
100 1 _aSaínz de Robles Correa, Federico Carlos
245 0 0 _aEnsayo de un diccionario de la literatura
_bautores extranjeros
_n3
250 _a2ª ed.
260 _aMadrid
_bAguilar
_c1956
300 _a1227 p.
500 _aLas biografías corresponden a escritores no españoles ni hispanoamericanos
650 4 _aDICCIONARIOS
650 4 _aLITERATURA
650 4 _aESCRITORES
650 4 _aBIOGRAFIAS
655 _aREFERENCIA
942 _cBK
998 _claura
999 _c951
_d951